[Event "CZE-ch U16"]
[Site "Kouty nad Desnou"]
[Date "2024.03.13"]
[Round "6"]
[White "Buchta, Bartolomej"]
[Black "Mikolas, Petr"]
[Result "1/2-1/2"]
[WhiteElo "1913"]
[BlackElo "1957"]
[PlyCount "63"]
[EventDate "2024.03.09"]
[EventType "swiss"]
[EventRounds "9"]
[EventCountry "CZE"]
[SourceTitle "CBM 219 Extra"]
[Source "ChessBase"]
[SourceDate "2024.05.31"]
[SourceVersion "1"]
[SourceVersionDate "2024.05.31"]
[SourceQuality "1"]

1. e4 e6 2. d4 d5 3. e5 c5 4. c3 Nc6 5. Nf3 Qb6 6. Be2 cxd4 7. cxd4 Nh6 8. Na3 Bxa3 9. bxa3 Nf5 10. Be3 Nxe3 11. fxe3 Qa5+ 12. Qd2 Bd7 13. 0-0 Qxd2 14. Nxd2 Ke7 15. Rf2 Rhf8 16. Raf1 f6 17. exf6+ Rxf6 18. Rxf6 gxf6 19. Nb3 b6 20. Bd3 h6 21. Rb1 Rc8 22. Kf2 e5 23. Ba6 Rc7 24. Rc1 Kd6 25. Bd3 a5 26. Rb1 e4 27. Be2 Na7 28. Nd2 Rc2 29. Rxb6+ Kc7 30. Ra6 Nb5 31. Ke1 Rc1+ 32. Kf2 1/2-1/2

[Event "CZE-ch U16"]
[Site "Kouty nad Desnou"]
[Date "2024.03.09"]
[Round "1"]
[White "Buchta, Bartolomej"]
[Black "Hladky, Tadeas"]
[Result "0-1"]
[WhiteElo "1913"]
[BlackElo "2056"]
[PlyCount "66"]
[EventDate "2024.03.09"]
[EventType "swiss"]
[EventRounds "9"]
[EventCountry "CZE"]
[SourceTitle "CBM 219 Extra"]
[Source "ChessBase"]
[SourceDate "2024.05.31"]
[SourceVersion "1"]
[SourceVersionDate "2024.05.31"]
[SourceQuality "1"]

1. e4 e6 2. d4 d5 3. e5 c5 4. c3 Nc6 5. Nf3 Qb6 6. Be2 cxd4 7. cxd4 Nh6 8. Na3 Bxa3 9. bxa3 Nf5 10. Be3 Qa5+ 11. Qd2 Qxa3 12. 0-0 Qe7 13. Rab1 b6 14. Bb5 Bb7 15. Bg5 Qd7 16. g4 Nfe7 17. Rfc1 Rc8 18. Rc3 a6 19. Bxc6 Nxc6 20. Rxb6 0-0 21. Rcb3 Rc7 22. Ne1 f6 23. exf6 gxf6 24. Bh6 Rf7 25. g5 f5 26. f4 Bc8 27. Nf3 Qe8 28. Nh4 Ne7 29. Rg3 Ng6 30. Nxg6 hxg6 31. Qe2 Qa4 32. Rxe6 Bxe6 33. Qxe6 Qd1+ 0-1

[Event "Bohumin op-B 6th"]
[Site "Bohumin"]
[Date "2023.07.04"]
[Round "4"]
[White "Buchta, Bartolomej"]
[Black "Karwot, Marek"]
[Result "0-1"]
[WhiteElo "1936"]
[BlackElo "1530"]
[PlyCount "56"]
[EventDate "2023.07.01"]
[EventType "swiss"]
[EventRounds "9"]
[EventCountry "CZE"]
[SourceTitle "EXT 2024"]
[Source "ChessBase"]
[SourceDate "2023.10.10"]
[SourceVersion "1"]
[SourceVersionDate "2023.10.10"]
[SourceQuality "1"]

1. e4 c5 2. Nf3 d6 3. d4 cxd4 4. Nxd4 Nf6 5. Nc3 g6 6. f3 Bg7 7. Be3 0-0 8. Bc4 Nc6 9. Bb3 Qa5 10. Qd2 Nxd4 11. Bxd4 Be6 12. Bxe6 fxe6 13. 0-0-0 b5 14. Kb1 b4 15. Ne2 Qb5 16. h4 a5 17. h5 gxh5 18. Ng3 a4 19. Bxf6 Bxf6 20. Nxh5 Bh8 21. Qh6 Qe5 22. Nf6+ Kf7 23. Qxh7+ Bg7 24. Rh6 Qg5 25. e5 Qxh6 26. Qe4 exf6 27. exd6 f5 28. Qb7+ Kg8 0-1

[Event "Moravia-Silesia Region-chT 2223"]
[Site "Czech Republic"]
[Date "2023.02.12"]
[Round "8"]
[White "Zabystrzan, Pavel"]
[Black "Buchta, Bartolomej"]
[Result "1-0"]
[WhiteElo "2122"]
[BlackElo "1798"]
[PlyCount "59"]
[EventDate "2022.10.09"]
[EventType "team-tourn"]
[EventRounds "11"]
[EventCountry "CZE"]
[SourceTitle "EXT 2024"]
[Source "ChessBase"]
[SourceDate "2023.10.10"]
[SourceVersion "1"]
[SourceVersionDate "2023.10.10"]
[SourceQuality "1"]
[WhiteTeam "Orlova Slavia III"]
[BlackTeam "Frydek Mistek IV"]
[WhiteTeamCountry "CZE"]
[BlackTeamCountry "CZE"]

1. Nf3 c5 2. g3 d5 3. c4 d4 4. b4 b6 5. Bg2 Bb7 6. 0-0 e6 7. bxc5 bxc5 8. e3 dxe3 9. fxe3 Nf6 10. Nc3 Be7 11. Rb1 Bc6 12. d4 0-0 13. d5 exd5 14. Ne5 Qc7 15. Nxc6 Nxc6 16. Nxd5 Nxd5 17. Bxd5 Rad8 18. e4 Nb4 19. Bf4 Qc8 20. Qa4 Bd6 21. Qxa7 Rd7 22. Qa4 Bxf4 23. Rxf4 Rd6 24. a3 Nd3 25. Rf5 g6 26. Rff1 Ne5 27. Qb3 Qg4 28. Qc3 Qh5 29. Rb7 Ng4 30. Bxf7+ 1-0

[Event "Moravia-Silesia Region-chT 2223"]
[Site "Czech Republic"]
[Date "2022.12.11"]
[Round "5"]
[White "Buchta, Bartolomej"]
[Black "Muzik, Martin"]
[Result "1/2-1/2"]
[WhiteElo "1789"]
[BlackElo "2058"]
[PlyCount "69"]
[EventDate "2022.10.09"]
[EventType "team-tourn"]
[EventRounds "11"]
[EventCountry "CZE"]
[SourceTitle "EXT 2024"]
[Source "ChessBase"]
[SourceDate "2023.10.10"]
[SourceVersion "1"]
[SourceVersionDate "2023.10.10"]
[SourceQuality "1"]
[WhiteTeam "Frydek Mistek IV"]
[BlackTeam "Opava Slezan"]
[WhiteTeamCountry "CZE"]
[BlackTeamCountry "CZE"]

1. e4 d6 2. d4 Nf6 3. Nc3 e5 4. dxe5 dxe5 5. Qxd8+ Kxd8 6. Nf3 Bd6 7. Bg5 Be6 8. 0-0-0 Nbd7 9. Nb5 Ke7 10. Nxd6 cxd6 11. Nd2 Rhc8 12. b3 a6 13. Bc4 b5 14. Bxe6 Kxe6 15. f3 d5 16. Rhe1 h6 17. Bxf6 Nxf6 18. f4 exf4 19. exd5+ Kd7 20. Nf3 Kd6 21. Rd4 g5 22. h4 Rg8 23. hxg5 hxg5 24. Ne5 Rg7 25. c4 Re8 26. b4 bxc4 27. Nxc4+ Kd7 28. Nb6+ Kd8 29. Rxe8+ Nxe8 30. d6 Rg6 31. Nc4 Re6 32. Kd2 Kd7 33. Nb6+ Kd8 34. Nc4 Kd7 35. Nb6+ 1/2-1/2

[Event "EU Union-ch U14"]
[Site "Pec pod Snezkou"]
[Date "2022.08.30"]
[Round "9"]
[White "Novomeska, Karin"]
[Black "Buchta, Bartolomej"]
[Result "0-1"]
[WhiteElo "1765"]
[BlackElo "1701"]
[PlyCount "80"]
[EventDate "2022.08.22"]
[EventType "swiss"]
[EventRounds "9"]
[EventCountry "CZE"]
[SourceTitle "EXT 2023"]
[Source "ChessBase"]
[SourceDate "2022.10.05"]
[SourceVersion "1"]
[SourceVersionDate "2022.10.05"]
[SourceQuality "1"]

1. d4 Nf6 2. c4 e6 3. Nf3 b6 4. a3 Bb7 5. Nc3 Ne4 6. Nxe4 Bxe4 7. Nd2 Bg6 8. e3 Be7 9. Be2 c6 10. 0-0 0-0 11. Nf3 d5 12. cxd5 cxd5 13. Ne5 Bd6 14. Nxg6 hxg6 15. g3 f5 16. f4 Nd7 17. Bd2 a5 18. Rc1 Kf7 19. Rc6 Nf6 20. Bf3 Rh8 21. Rf2 Rb8 22. Qc2 Qd7 23. Rf1 Bc5 24. Rxc5 bxc5 25. dxc5 Qb5 26. b4 axb4 27. axb4 Rxh2 28. Rf2 Rh3 29. Be2 Qc6 30. b5 Qa8 31. Rg2 Ne4 32. Be1 Rbh8 33. Kf1 Qa3 34. Qd3 Qxc5 35. Qd4 Qc1 36. Qa7+ Kg8 37. Qa8+ Kh7 38. Qa5 Rh1+ 39. Rg1 Nxg3+ 40. Kf2 Rxg1 0-1

[Event "EU Union-ch U14"]
[Site "Pec pod Snezkou"]
[Date "2022.08.29"]
[Round "8"]
[White "Buchta, Bartolomej"]
[Black "Orfila, Kristofer"]
[Result "1-0"]
[WhiteElo "1701"]
[BlackElo "1723"]
[PlyCount "41"]
[EventDate "2022.08.22"]
[EventType "swiss"]
[EventRounds "9"]
[EventCountry "CZE"]
[SourceTitle "EXT 2023"]
[Source "ChessBase"]
[SourceDate "2022.10.05"]
[SourceVersion "1"]
[SourceVersionDate "2022.10.05"]
[SourceQuality "1"]

1. e4 c5 2. Nf3 e6 3. d4 cxd4 4. Nxd4 Nc6 5. Nc3 Qc7 6. Be3 a6 7. a3 Nf6 8. f4 d6 9. Qf3 Be7 10. 0-0-0 Nxd4 11. Bxd4 e5 12. fxe5 dxe5 13. Qg3 0-0 14. Nd5 Qd8 15. Bxe5 Nh5 16. Qf3 Bg5+ 17. Kb1 Qe8 18. Bd6 Nf6 19. Bxf8 Qxf8 20. h4 Nxd5 21. hxg5 1-0

[Event "EU Union-ch U14"]
[Site "Pec pod Snezkou"]
[Date "2022.08.25"]
[Round "4"]
[White "Buchta, Bartolomej"]
[Black "Mueller, Maximilian3"]
[Result "1-0"]
[WhiteElo "1701"]
[BlackElo "1873"]
[PlyCount "53"]
[EventDate "2022.08.22"]
[EventType "swiss"]
[EventRounds "9"]
[EventCountry "CZE"]
[SourceTitle "EXT 2023"]
[Source "ChessBase"]
[SourceDate "2022.10.05"]
[SourceVersion "1"]
[SourceVersionDate "2022.10.05"]
[SourceQuality "1"]

1. e4 e6 2. d4 d5 3. e5 c5 4. c3 Nc6 5. Nf3 Qb6 6. Be2 Nh6 7. Na3 cxd4 8. cxd4 Bxa3 9. bxa3 Nf5 10. Be3 Qa5+ 11. Qd2 Qxa3 12. 0-0 Bd7 13. Rab1 Rb8 14. g4 Nfe7 15. Rb3 Qa5 16. Qb2 Qc7 17. Rc1 b6 18. Bg5 Qb7 19. Qa3 h6 20. Bxe7 Nxe7 21. Ba6 Qa8 22. Rc7 Rd8 23. Qd6 Ng6 24. Rbc3 Nf8 25. Bb7 Qb8 26. Bc6 h5 27. Rxd7 1-0

[Event "Bohumin op 5th"]
[Site "Bohumin"]
[Date "2022.07.05"]
[Round "4"]
[White "Havelka, Ondrej"]
[Black "Buchta, Bartolomej"]
[Result "1/2-1/2"]
[WhiteElo "2123"]
[BlackElo "1697"]
[PlyCount "119"]
[EventDate "2022.07.02"]
[EventType "swiss"]
[EventRounds "9"]
[EventCountry "CZE"]
[SourceTitle "CBM 209 Extra"]
[Source "ChessBase"]
[SourceDate "2022.09.30"]
[SourceVersion "1"]
[SourceVersionDate "2022.09.30"]
[SourceQuality "1"]

1. e4 c5 2. c4 e5 3. Nc3 Nc6 4. g3 g6 5. Bg2 Bg7 6. d3 Nge7 7. Be3 d6 8. Qd2 h5 9. h4 Bg4 10. Bh3 Qd7 11. f3 Bxh3 12. Nxh3 Nd4 13. Qg2 Nec6 14. Nd5 0-0-0 15. 0-0-0 f5 16. Ng5 Kb8 17. Kb1 Rdf8 18. Rdf1 b5 19. cxb5 Nxb5 20. Qc2 Ncd4 21. Qc4 Qb7 22. Ka1 f4 23. Bf2 Bh6 24. gxf4 Bxg5 25. hxg5 Nxf3 26. Be3 Nbd4 27. fxe5 Nxe5 28. Qc3 Nef3 29. Bf4 Qa6 30. b4 Ne2 31. Qb2 Nxf4 32. Nxf4 Nxg5 33. Nxg6 Rxf1+ 34. Rxf1 Rg8 35. b5 Qb7 36. Rf8+ Rxf8 37. Nxf8 Qf7 38. Qh8 Qf1+ 39. Kb2 Qe2+ 40. Kc3 Qe1+ 41. Kc4 Nf7 42. Qxh5 Qb1 43. Kd5 Qxd3+ 44. Ke6 Ne5 45. Qe8+ Kb7 46. Qe7+ Kb6 47. Qxd6+ Qxd6+ 48. Kxd6 Nc4+ 49. Kd5 Ne3+ 50. Kd6 c4 51. Ne6 c3 52. Nd4 c2 53. Nxc2 Nxc2 54. a4 Ne3 55. e5 Nc4+ 56. Kd5 Nxe5 57. Kxe5 a6 58. Kd5 axb5 59. axb5 Kxb5 60. Ke4 1/2-1/2

[Event "Bohumin op 5th"]
[Site "Bohumin"]
[Date "2022.07.03"]
[Round "2"]
[White "Horvath, Tomas"]
[Black "Buchta, Bartolomej"]
[Result "1-0"]
[WhiteElo "2094"]
[BlackElo "1697"]
[PlyCount "65"]
[EventDate "2022.07.02"]
[EventType "swiss"]
[EventRounds "9"]
[EventCountry "CZE"]
[SourceTitle "CBM 209 Extra"]
[Source "ChessBase"]
[SourceDate "2022.09.30"]
[SourceVersion "1"]
[SourceVersionDate "2022.09.30"]
[SourceQuality "1"]

1. e4 c5 2. d4 cxd4 3. c3 dxc3 4. Nxc3 e6 5. Nf3 a6 6. Bc4 Ne7 7. Bg5 f6 8. Be3 Ng6 9. 0-0 Be7 10. Na4 Qc7 11. Nb6 Ra7 12. Nxc8 Qxc8 13. Bxa7 Nc6 14. Bb6 0-0 15. Rc1 Bd8 16. Bxd8 Rxd8 17. Qd6 Nge5 18. Nxe5 fxe5 19. a4 Kf7 20. b4 Qb8 21. Qxb8 Rxb8 22. b5 axb5 23. Bxb5 Ke7 24. Bxc6 dxc6 25. Rfd1 Ra8 26. Rb1 Rxa4 27. Rxb7+ Kf6 28. f3 h5 29. h4 Rd4 30. Rxd4 exd4 31. Rc7 Ke5 32. Rxc6 d3 33. Kf2 1-0

[Event "CZE-ch U14"]
[Site "Luhacovice"]
[Date "2022.03.15"]
[Round "5"]
[White "Buchta, Bartolomej"]
[Black "Zrubek, Dan"]
[Result "1/2-1/2"]
[WhiteElo "1901"]
[BlackElo "1478"]
[PlyCount "67"]
[EventDate "2022.03.12"]
[EventType "swiss"]
[EventRounds "9"]
[EventCountry "CZE"]
[SourceTitle "EXT 2023"]
[Source "ChessBase"]
[SourceDate "2022.10.05"]
[SourceVersion "1"]
[SourceVersionDate "2022.10.05"]
[SourceQuality "1"]

1. e4 c5 2. Nf3 d6 3. d4 cxd4 4. Nxd4 Nf6 5. Nc3 g6 6. f3 Bg7 7. Be3 0-0 8. Bc4 Nc6 9. Bb3 Nxd4 10. Bxd4 Be6 11. Nd5 Bxd5 12. exd5 b5 13. 0-0 Qc7 14. Re1 Rfe8 15. a4 a6 16. axb5 axb5 17. Rxa8 Rxa8 18. Qe2 Qb7 19. Qxe7 Qxe7 20. Rxe7 Ra1+ 21. Kf2 Ng4+ 22. Kg3 Bxd4 23. Kxg4 Bxb2 24. Rb7 Ra5 25. f4 Bd4 26. h4 h5+ 27. Kf3 Kg7 28. g4 hxg4+ 29. Kxg4 Kf6 30. c4 bxc4 31. Bxc4 Ra7 32. Rb1 Kg7 33. f5 Bf6 34. fxg6 1/2-1/2

[Event "EU-ch Online U12"]
[Site "Tornelo INT"]
[Date "2020.09.18"]
[Round "3"]
[White "Heidarsson, Mikael Bjarki"]
[Black "Buchta, Bartolomej"]
[Result "1/2-1/2"]
[WhiteElo "1180"]
[BlackElo "1597"]
[PlyCount "160"]
[EventDate "2020.09.18"]
[EventType "swiss (rapid)"]
[EventRounds "9"]
[EventCountry "ENG"]
[SourceTitle "EXT 2023"]
[Source "ChessBase"]
[SourceDate "2022.10.05"]
[SourceVersion "1"]
[SourceVersionDate "2022.10.05"]
[SourceQuality "1"]
[WhiteTeam "Island"]
[BlackTeam "Czech Republic"]
[WhiteTeamCountry "ISL"]
[BlackTeamCountry "CZE"]

1. d4 Nf6 2. c4 e6 3. Nf3 c5 4. d5 exd5 5. cxd5 b6 6. Nc3 Bb7 7. e4 d6 8. Bg5 Be7 9. Bb5+ Nbd7 10. 0-0 a6 11. Bd3 h6 12. Bh4 0-0 13. Bg3 Rc8 14. a4 c4 15. Bc2 Re8 16. Re1 Bf8 17. Nd4 Ne5 18. Bxe5 Rxe5 19. Qf3 Qe7 20. Nf5 Qe8 21. Qg3 g6 22. f4 Nh5 23. Qg4 Nxf4 24. Qxf4 gxf5 25. Qg3+ Bg7 26. exf5 Kh8 27. Rxe5 Bxe5 28. Qh4 Qf8 29. Be4 Qg7 30. h3 Re8 31. Rf1 Bg3 32. Qg4 Qxg4 33. hxg4 f6 34. Bf3 Be5 35. Re1 Rc8 36. Re2 Kg7 37. Rc2 Rc5 38. Nd1 Bxd5 39. Bxd5 Rxd5 40. Nc3 Bxc3 41. Rxc3 Rd1+ 42. Kh2 d5 43. Kg3 Rd3+ 44. Rxd3 cxd3 45. Kf3 d4 46. Kf2 h5 47. gxh5 Kh6 48. Ke1 Kxh5 49. Kd2 Kg5 50. Kxd3 Kxf5 51. Kxd4 Kg4 52. Ke4 f5+ 53. Ke5 f4 54. Ke4 Kg3 55. b4 Kg4 56. a5 bxa5 57. bxa5 Kg5 58. Ke5 Kg4 59. Ke4 Kg5 60. Ke5 Kg4 61. Ke4 Kg5 62. Ke5 Kg4 63. Ke4 Kg5 64. Ke5 Kg4 65. Ke4 Kg5 66. Kf3 Kf5 67. g3 fxg3 68. Kxg3 Ke4 69. Kf2 Kd3 70. Ke1 Kc4 71. Kd2 Kb4 72. Kc2 Kxa5 73. Kb3 Kb5 74. Ka3 a5 75. Ka2 Kb4 76. Ka1 a4 77. Kb1 Kb3 78. Ka1 a3 79. Kb1 a2+ 80. Ka1 Ka3 1/2-1/2

[Event "EU Union-ch U12"]
[Site "Kouty nad Desnou"]
[Date "2020.08.22"]
[Round "9"]
[White "Buchta, Bartolomej"]
[Black "Lackova, Ludmila"]
[Result "1-0"]
[WhiteElo "1601"]
[BlackElo "1013"]
[PlyCount "83"]
[EventDate "2020.08.14"]
[EventType "swiss"]
[EventRounds "9"]
[EventCountry "CZE"]
[SourceTitle "EXT 2021"]
[Source "ChessBase"]
[SourceDate "2020.10.23"]
[SourceVersion "1"]
[SourceVersionDate "2020.10.23"]
[SourceQuality "1"]

1. e4 e5 2. Nf3 Nf6 3. Nxe5 d6 4. Nf3 Nxe4 5. Nc3 Nxc3 6. dxc3 Nc6 7. Bc4 Bg4 8. h3 Bh5 9. g4 Bg6 10. Be3 Ne5 11. Nxe5 dxe5 12. Qe2 Bd6 13. 0-0-0 0-0 14. h4 h6 15. h5 Be4 16. f3 Bc6 17. Qg2 Qf6 18. Rdf1 Rad8 19. g5 hxg5 20. Bxg5 Qf5 21. Bd3 Qe6 22. Bxd8 Rxd8 23. Kb1 Qf6 24. Be4 Bxe4 25. fxe4 Qh6 26. Qf2 f6 27. Rhg1 Rf8 28. Rg6 Qxh5 29. Qg2 Rf7 30. Rh1 Qxh1+ 31. Qxh1 Kf8 32. Qh8+ Ke7 33. Rxg7 Rxg7 34. Qxg7+ Ke6 35. b4 b6 36. Qg6 Ke7 37. Qg8 a6 38. Qa8 Ke6 39. Qe8+ Be7 40. Qc8+ Kd6 41. Qa8 Ke6 42. Qd5# 1-0

[Event "EU Union-ch U12"]
[Site "Kouty nad Desnou"]
[Date "2020.08.15"]
[Round "2"]
[White "Buchta, Bartolomej"]
[Black "Zelba, Lukas"]
[Result "1/2-1/2"]
[WhiteElo "1601"]
[BlackElo "1713"]
[PlyCount "49"]
[EventDate "2020.08.14"]
[EventType "swiss"]
[EventRounds "9"]
[EventCountry "CZE"]
[SourceTitle "EXT 2021"]
[Source "ChessBase"]
[SourceDate "2020.10.23"]
[SourceVersion "1"]
[SourceVersionDate "2020.10.23"]
[SourceQuality "1"]

1. e4 e6 2. d4 d5 3. e5 c5 4. c3 Qb6 5. Nf3 Nc6 6. Be2 Nh6 7. Na3 cxd4 8. cxd4 Bb4+ 9. Bd2 Nf5 10. Nb5 Bd7 11. Bc3 a6 12. Na3 Nfxd4 13. Nxd4 Nxd4 14. 0-0 Nxe2+ 15. Qxe2 0-0 16. Rfc1 a5 17. Bxb4 Qxb4 18. Rc3 Bc6 19. Rb3 Qf4 20. Rf3 Qg5 21. Rg3 Qe7 22. Nc2 Ra6 23. Ne3 f5 24. exf6 Rxf6 25. Rg5 1/2-1/2

[Event "Bohumin op 3rd"]
[Site "Bohumin"]
[Date "2020.07.18"]
[Round "1"]
[White "Buchta, Bartolomej"]
[Black "Sramek, Vojtech"]
[Result "0-1"]
[WhiteElo "1583"]
[BlackElo "2178"]
[PlyCount "60"]
[EventDate "2020.07.18"]
[EventType "swiss"]
[EventRounds "9"]
[EventCountry "CZE"]
[SourceTitle "CBM 197 Extra"]
[Source "ChessBase"]
[SourceDate "2020.09.30"]
[SourceVersion "1"]
[SourceVersionDate "2020.09.30"]
[SourceQuality "1"]

1. e4 c5 2. Nf3 d6 3. d4 cxd4 4. Nxd4 Nf6 5. Nc3 g6 6. f3 Bg7 7. Be3 Nc6 8. Bc4 0-0 9. Bb3 Bd7 10. Qd2 Rc8 11. 0-0-0 Nxd4 12. Bxd4 b5 13. h4 a5 14. e5 dxe5 15. Bxe5 Bc6 16. Qxd8 Rfxd8 17. Rxd8+ Rxd8 18. Bc7 Bh6+ 19. Kb1 Rd2 20. Rg1 a4 21. g4 Ne8 22. Bxf7+ Kxf7 23. Ba5 Rf2 24. Bb4 Rxf3 25. g5 Bg7 26. Re1 Nd6 27. Ba5 Rf4 28. Bd8 Nf5 29. a3 Bxc3 30. bxc3 Rxh4 0-1

[Event "CZE-ch U12"]
[Site "Kouty nad Desnou"]
[Date "2020.03.11"]
[Round "6"]
[White "Setina, Vaclav"]
[Black "Buchta, Bartolomej"]
[Result "0-1"]
[WhiteElo "1507"]
[BlackElo "1508"]
[PlyCount "117"]
[EventDate "2020.03.07"]
[EventType "swiss"]
[EventRounds "7"]
[EventCountry "CZE"]
[SourceTitle "CBM 195 Extra"]
[Source "ChessBase"]
[SourceDate "2020.05.31"]
[SourceVersion "1"]
[SourceVersionDate "2020.05.31"]
[SourceQuality "1"]

1. e4 c5 2. c3 d5 3. exd5 Qxd5 4. d4 e6 5. Nf3 Nf6 6. Be3 cxd4 7. cxd4 Bb4+ 8. Nc3 0-0 9. Be2 b6 10. 0-0 Bxc3 11. bxc3 Ba6 12. Bxa6 Nxa6 13. Qb3 Rac8 14. Nd2 Nc7 15. c4 Qd6 16. f3 Rfe8 17. Ne4 Qc6 18. Nxf6+ gxf6 19. Rfd1 b5 20. cxb5 Qxb5 21. d5 Qxb3 22. axb3 Nxd5 23. Bxa7 Re7 24. Bf2 Rb7 25. Rdb1 Rc2 26. Be1 Nf4 27. Ra4 e5 28. Kf1 Kh8 29. Bh4 Rb6 30. Bf2 Rbc6 31. Raa1 R6c3 32. b4 Nd3 33. Bh4 Kg7 34. b5 Nb2 35. b6 Rb3 36. Bf2 Kg6 37. Ra7 Rxf2+ 38. Kxf2 Nd3+ 39. Ke3 Rxb1 40. Kxd3 Rxb6 41. Ra2 f5 42. Ke3 Rb3+ 43. Kf2 e4 44. fxe4 fxe4 45. Re2 f5 46. g3 Kg5 47. Ra2 h5 48. h4+ Kg4 49. Ra8 Rb2+ 50. Ke3 Rb3+ 51. Kf2 Rf3+ 52. Kg2 Rxg3+ 53. Kh2 Rh3+ 54. Kg2 Rg3+ 55. Kh2 Kxh4 56. Rf8 Rh3+ 57. Kg2 Rf3 58. Rg8 Rf4 59. Kh2 0-1

[Event "CZE-ch U12"]
[Site "Kouty nad Desnou"]
[Date "2020.03.10"]
[Round "5"]
[White "Buchta, Bartolomej"]
[Black "Babula, Matej"]
[Result "1-0"]
[WhiteElo "1508"]
[BlackElo "1353"]
[PlyCount "35"]
[EventDate "2020.03.07"]
[EventType "swiss"]
[EventRounds "7"]
[EventCountry "CZE"]
[SourceTitle "CBM 195 Extra"]
[Source "ChessBase"]
[SourceDate "2020.05.31"]
[SourceVersion "1"]
[SourceVersionDate "2020.05.31"]
[SourceQuality "1"]

1. e4 e5 2. Nf3 Nc6 3. Bb5 a6 4. Ba4 d6 5. c3 Bd7 6. 0-0 Nge7 7. d4 g6 8. Bb3 Bg7 9. Ng5 0-0 10. f4 Be8 11. f5 h6 12. Nh3 Nc8 13. fxg6 exd4 14. Qh5 Qe7 15. Bxh6 Qe5 16. Bg5 Bh6 17. gxf7+ Bxf7 18. Bxf7+ 1-0

[Event "CZE-ch U12"]
[Site "Kouty nad Desnou"]
[Date "2020.03.09"]
[Round "4"]
[White "Sigut, Ondrej"]
[Black "Buchta, Bartolomej"]
[Result "0-1"]
[WhiteElo "1274"]
[BlackElo "1508"]
[PlyCount "106"]
[EventDate "2020.03.07"]
[EventType "swiss"]
[EventRounds "7"]
[EventCountry "CZE"]
[SourceTitle "CBM 195 Extra"]
[Source "ChessBase"]
[SourceDate "2020.05.31"]
[SourceVersion "1"]
[SourceVersionDate "2020.05.31"]
[SourceQuality "1"]

1. e4 c5 2. Nf3 d6 3. Bb5+ Bd7 4. Bxd7+ Qxd7 5. d4 cxd4 6. Nxd4 Nf6 7. Nc3 Nc6 8. Nf3 g6 9. 0-0 Bg7 10. Bg5 Rc8 11. Re1 Ng4 12. h3 Nge5 13. Nxe5 Bxe5 14. Bh6 Na5 15. Rb1 Nc4 16. Re2 Nxb2 17. Rxb2 Rxc3 18. Rb3 Qc7 19. Rxc3 Qxc3 20. Re3 Qd4 21. Qxd4 Bxd4 22. Rb3 b6 23. Kf1 Kd7 24. c3 Bc5 25. f3 Ke6 26. Ke2 d5 27. exd5+ Kxd5 28. Kd3 f5 29. c4+ Kc6 30. Rc3 Rd8+ 31. Ke2 Bb4 32. Rc2 Kd6 33. Bf4+ e5 34. Bg3 Ke6 35. Bf2 Rc8 36. Be3 Rc7 37. Rc1 Ba3 38. Rc3 Bb4 39. Rc1 e4 40. fxe4 fxe4 41. Bf4 Rd7 42. Rc2 Kf5 43. Be3 h5 44. Kf2 Rc7 45. Rc1 Bc5 46. g3 b5 47. Bxc5 Rxc5 48. Ke3 Rxc4 49. Rxc4 bxc4 50. Kd4 h4 51. gxh4 Kf4 52. Kxc4 Kf3 53. Kc3 Kf2 0-1

[Event "EU-ch U12"]
[Site "Bratislava"]
[Date "2019.08.06"]
[Round "5"]
[White "Buchta, Bartolomej"]
[Black "Omarsson, Adam"]
[Result "1/2-1/2"]
[WhiteElo "1559"]
[BlackElo "1279"]
[PlyCount "58"]
[EventDate "2019.08.02"]
[EventType "swiss"]
[EventRounds "9"]
[EventCountry "SVK"]
[SourceTitle "EXT 2020"]
[Source "ChessBase"]
[SourceDate "2019.10.17"]
[SourceVersion "1"]
[SourceVersionDate "2019.10.17"]
[SourceQuality "1"]

1. e4 g6 2. d4 Bg7 3. Nc3 d6 4. Be3 Nf6 5. f3 c6 6. Qd2 b5 7. 0-0-0 Qa5 8. Kb1 b4 9. Nce2 Nbd7 10. Nc1 Rb8 11. Nge2 Nb6 12. Ng3 d5 13. e5 Nfd7 14. Bh6 Nc4 15. Bxc4 Bxh6 16. Qxh6 dxc4 17. Ne4 c3 18. Nb3 Qa4 19. bxc3 bxc3 20. Nxc3 Qc4 21. Ne4 a5 22. Qg7 Rf8 23. Kc1 a4 24. Nbc5 Qxa2 25. Kd2 Qd5 26. Nxd7 Qxd4+ 27. Kc1 Qb2+ 28. Kd2 Qd4+ 29. Kc1 Qb2+ 1/2-1/2

[Event "EU-ch U12"]
[Site "Bratislava"]
[Date "2019.08.05"]
[Round "4"]
[White "Gudmundsson, Gunnar Erik"]
[Black "Buchta, Bartolomej"]
[Result "1-0"]
[WhiteElo "1746"]
[BlackElo "1559"]
[PlyCount "41"]
[EventDate "2019.08.02"]
[EventType "swiss"]
[EventRounds "9"]
[EventCountry "SVK"]
[SourceTitle "EXT 2020"]
[Source "ChessBase"]
[SourceDate "2019.10.17"]
[SourceVersion "1"]
[SourceVersionDate "2019.10.17"]
[SourceQuality "1"]

1. d4 Nf6 2. c4 e6 3. Nf3 b6 4. g3 Bb7 5. Bg2 Be7 6. 0-0 0-0 7. Nc3 Ne4 8. Qc2 Nxc3 9. bxc3 c5 10. Ng5 Bxg5 11. Bxb7 Nc6 12. Bxa8 Bxc1 13. Bxc6 dxc6 14. Raxc1 cxd4 15. Rcd1 c5 16. cxd4 cxd4 17. Qe4 Qd6 18. Rxd4 Qa3 19. Qc2 Qc5 20. Rfd1 Qc8 21. Qd3 1-0

[Event "EU-ch U12"]
[Site "Bratislava"]
[Date "2019.08.02"]
[Round "1"]
[White "Buchta, Bartolomej"]
[Black "Milanovic, Marko"]
[Result "0-1"]
[WhiteElo "1559"]
[BlackElo "1942"]
[PlyCount "90"]
[EventDate "2019.08.02"]
[EventType "swiss"]
[EventRounds "9"]
[EventCountry "SVK"]
[SourceTitle "EXT 2020"]
[Source "ChessBase"]
[SourceDate "2019.10.17"]
[SourceVersion "1"]
[SourceVersionDate "2019.10.17"]
[SourceQuality "1"]

1. e4 e5 2. Nf3 Nc6 3. Bb5 a6 4. Ba4 Nf6 5. 0-0 Be7 6. Re1 b5 7. Bb3 d6 8. c3 0-0 9. h3 Nb8 10. d4 Nbd7 11. Nbd2 Bb7 12. Bc2 Re8 13. Nf1 c5 14. Ng3 g6 15. Bg5 Qc7 16. a4 b4 17. dxe5 dxe5 18. cxb4 cxb4 19. Rc1 Rad8 20. Qe2 Qb6 21. Bb3 Nc5 22. Be3 Nfd7 23. Qc4 Rf8 24. Rcd1 a5 25. Bh6 Ba6 26. Qc2 Rfe8 27. Rd5 Bb7 28. Rd2 Nxb3 29. Qxb3 Nc5 30. Qd1 Qe6 31. Ng5 Qc6 32. Re3 f6 33. Nf3 Qxa4 34. Qxa4 Nxa4 35. Rc2 Rc8 36. Ree2 Nc5 37. Bc1 Nxe4 38. Nxe4 Bxe4 39. Rxc8 Rxc8 40. Be3 Rc2 41. Nd2 Bd3 42. Re1 Rxb2 43. Ra1 f5 44. f4 exf4 45. Bxf4 g5 0-1